54 Asamblea nacional AIEC : (Registro nro. 68192)
[ vista simple ]
| 000 -LÍDER | |
|---|---|
| Campo fijo de descripción fija | 01230nam a2200253 i 4500 |
| 001 - NÚMERO DE CONTROL | |
| Campo de control | 768714001 |
| 003 - IDENTIFICADOR DEL NÚMERO DE CONTROL | |
| Campo de control | CO-MdFUSB |
| 005 - FECHA Y HORA DE LA ULTIMA TRANSACCIÓN | |
| control field | 20240711091322.0 |
| 007 - CAMPO FIJO DE DESCRIPCIÓN FIJA--INFORMACIÓN GENERAL | |
| Campo fijo de descripción fija | ta |
| 008 - ELEMENTOS DE LONGITUD FIJA -- INFORMACIÓN GENERAL | |
| Campo fijo de descripción fija -- Información general | 220921t2009 ck ||||| |||| 00| 0 spa d |
| 040 ## - FUENTE DE CATALOGACIÓN | |
| Agencia de catalogación original | CO-MdFUSB |
| Idioma de catalogación | spa |
| Agencia que realiza la transcripción | CO-MdFUSB |
| Agencia que realiza la modificación | CO-MdFUSBC |
| Convenciones de la descripción | rda |
| 041 ## - CÓDIGO DE IDIOMA | |
| Código de idioma para texto/pista de sonido o título separado | spa |
| 110 ## - ASIENTO PRINCIPAL--NOMBRE CORPORATIVO | |
| Nombre corporativo o de jurisdicción como elemento de entrada | Centro Cristiano Bethel, |
| 245 ## - TÍTULO | |
| Título del Material | 54 Asamblea nacional AIEC : |
| Parte restante del título - Subtitulo | la vida de los siervos en tiempos de avivamiento |
| Mención de responsabilidad, etc. | / Centro Cristiano Bethel |
| 264 ## - PRODUCCIÓN, PUBLICACIÓN, DISTRIBUCIÓN, MANUFACTURA, Y COPYRIGHT | |
| Lugar de producción, publicación, distribución, manufactura | Sincelejo, Colombia : |
| Nombre del productor, publicador, distribuidor | A.I.E.C., |
| Fecha de producción, publicación, distribución, manufactura, o copyright | [2009] |
| 300 ## - DESCRIPCIÓN FÍSICA | |
| Extensión | 80 páginas |
| Dimensiones | ; 30 cm |
| 336 ## - TIPO DE CONTENIDO | |
| Fuente | rdacontent |
| Término de tipo de contenido | texto |
| Código de tipo de contenido | txt |
| 337 ## - TIPO DE MEDIO | |
| Fuente | rdamedia |
| Nombre del tipo de medio | sin mediación |
| Código del tipo de medio | n |
| 338 ## - TIPO DE SOPORTE | |
| Fuente | rdacarrier |
| Nombre del tipo de soporte | volumen |
| Código Tipo de soporte | nc |
| 505 ## - NOTA DE CONTENIDO | |
| Nota de contenido con formato preestablecido | Instalación de la asamblea. -- Constatación del quorum. -- Presentación de la agenda para su aprobación. -- Informes. -- Del presidente. -- Del fiscal general. -- Del revisor fiscal. -- Presentación para aprobación de nueva zona. -- Presentación de pastores licenciados y aprobación de candidatos a ordenación. -- Elección del Consejo Directivo Nacional. -- Elección del Fiscal General. -- Elección del Revisor Fiscal. -- Lectura y aprobación del acta. -- Oración final. |
| 653 ## - TÉRMINO DE INDIZACIÓN - NO CONTROLADO | |
| Término no controlado | eclesiologia |
| 942 ## - TIPO DE MATERIAL (KOHA) | |
| Tipo de Item KOHA | Documentos Archivo Vertical |
| 945 ## - LOCAL PROCESSING INFORMATION (OCLC) | |
| a | JTF-925 |
| Estado de Material | Estado de Perdido | Forma de Clasificación | Estado de Dañado | No para Préstamo | Colección | Biblioteca de Origen | Biblioteca Permanente | Fecha de Adquisición | Total de Préstamos | Signatura Topográfica | Código de Barras | Última vez visto | Ejemplar/Existencia | Fecha de Remplazo | Tipo de Material |
|---|---|---|---|---|---|---|---|---|---|---|---|---|---|---|---|
| Dewey Decimal Classification | Colección Folletos | Biblioteca FUSBC | Biblioteca FUSBC | 21/09/2022 | AV 0300 | 24575 | 21/09/2022 | Ej. 1 | 21/09/2022 | Documentos Archivo Vertical |
